Central Library OPAC University of Rajshahi

Political behavior : (Record no. 35840)

MARC details
000 -LEADER
fixed length control field 00774nam a22002411 4500
001 - CONTROL NUMBER
control field 35840
003 - CONTROL NUMBER IDENTIFIER
rucl marc code BD-RjUL
005 - DATE AND TIME OF LATEST TRANSACTION
control field 20211209052405.0
008 - FIXED-LENGTH DATA ELEMENTS--GENERAL INFORMATION
fixed length control field 160821s1956 ii a 000 0 eng d
020 ## - INTERNATIONAL STANDARD BOOK NUMBER
Terms of availability : Rs.12.00
035 ## - SYSTEM CONTROL NUMBER
System control number (BD-RjUL)35935
040 ## - CATALOGING SOURCE
Original cataloging agency BD-RjUL
Transcribing agency OYU
Modifying agency BD-RjUL
Language of cataloging eng
041 ## - LANGUAGE CODE
Language code of text/sound track or separate title eng
082 00 - DEWEY DECIMAL CLASSIFICATION NUMBER
Classification number 306.05
Author mark and year POL 1956
Edition number 23
245 10 - TITLE STATEMENT
Title Political behavior :
Remainder of title a reader in theory and research /
Statement of responsibility, etc. edited by Heinz Eulau, Samuel J. Eldersveld [and] Morris Janowitz.
260 ## - PUBLICATION, DISTRIBUTION, ETC. (IMPRINT)
Place of publication, distribution, etc. New Delhi :
Name of publisher, distributor, etc. Amerind Publiching Co. ,
Date of publication, distribution, etc. 1956.
300 ## - PHYSICAL DESCRIPTION
Pagination 421 p. :
Illustrations ill. ;
Size 27 cm.
504 ## - BIBLIOGRAPHY, ETC. NOTE
Bibliography, etc Includes Bibliography 405-421p.
650 ## - SUBJECT ADDED ENTRY--TOPICAL TERM
Topical term or geographic name as entry element Political psychology
9 (RLIN) 128221
Topical term or geographic name as entry element Political sociology
9 (RLIN) 119139
700 1# - ADDED ENTRY--PERSONAL NAME
Personal name Eulau, Heinz,
942 ## - ADDED ENTRY ELEMENTS (KOHA)
Source of classification or shelving scheme Dewey Decimal Classification
Koha item type Books
Holdings
Lost status Source of classification or shelving scheme Damaged status Not for loan Collection code Permanent Location Current Location Shelving location Date acquired Source of acquisition Cost, normal purchase price Total Checkouts Full call number Date last seen Copy number Koha item type
  Dewey Decimal Classification     Non-fiction Central Library, University of Rajshahi Central Library, University of Rajshahi   10/06/1985 India Int. Cal. 175.00   306.05 POL 1956 10/06/2014 C-2 Books
  Dewey Decimal Classification     Non-fiction Central Library, University of Rajshahi Central Library, University of Rajshahi   04/07/1974 USIS     306.05 POL 1956 21/08/2016 C-3 Books